000 00383 a2200157 4500
005 20250628081005.0
020 _a0-13-185471-2
082 _a658 MCN
100 _aMCNURLIN, B
245 _aInformation Systems Management in Practice
250 _a7th Ed.
260 _aNew York,
_bPrentice,
300 _a623p,
_bGlossary & Index
_c23cm
700 _aSPRAGUE, R.
942 _2ddc
_cBKS
999 _c5868
_d5868